| 000 -LEADER |
| fixed length control field |
01403cam a2200337 i 4500 |
| 001 - CONTROL NUMBER |
| control field |
1028410 |
| 003 - CONTROL NUMBER IDENTIFIER |
| control field |
OCoLC |
| 005 - DATE AND TIME OF LATEST TRANSACTION |
| control field |
20230823154945.0 |
| 008 - FIXED-LENGTH DATA ELEMENTS--GENERAL INFORMATION |
| fixed length control field |
181016s2018 enkab j 000 0 eng d |
| 020 ## - INTERNATIONAL STANDARD BOOK NUMBER |
| International Standard Book Number |
9780194624589 |
| Qualifying information |
(pbk.) |
| 020 ## - INTERNATIONAL STANDARD BOOK NUMBER |
| International Standard Book Number |
0194624587 |
| Qualifying information |
(pbk.) |
| 035 ## - SYSTEM CONTROL NUMBER |
| System control number |
(OCoLC)1057122694 |
| 035 ## - SYSTEM CONTROL NUMBER |
| System control number |
1057122694 |
| 040 ## - CATALOGING SOURCE |
| Original cataloging agency |
OVY |
| Language of cataloging |
eng |
| Description conventions |
rda |
| Transcribing agency |
OVY |
| Modifying agency |
YDX |
| -- |
OCLCF |
| -- |
UKMGB |
| -- |
OCLCQ |
| -- |
CNWPU |
| -- |
NZAUC |
| -- |
PTTCL |
| -- |
KH8 |
| 042 ## - AUTHENTICATION CODE |
| Authentication code |
nbic |
| 082 04 - DEWEY DECIMAL CLASSIFICATION NUMBER |
| Classification number |
306.2 RAY |
| Edition number |
23 |
| 100 1# - MAIN ENTRY--PERSONAL NAME |
| Personal name |
Raynham, Alex, |
| Relator term |
author. |
| 245 10 - TITLE STATEMENT |
| Title |
Global Issues / |
| Statement of responsibility, etc. |
Alex Raynham and Rachel Bladon. |
| 260 ## - PUBLICATION, DISTRIBUTION, ETC. |
| Place of publication, distribution, etc. |
Oxford : |
| Name of publisher, distributor, etc. |
Oxford University Press, |
| Date of publication, distribution, etc. |
©2018. |
| 300 ## - PHYSICAL DESCRIPTION |
| Extent |
75 pages : |
| Other physical details |
color illustrations ; |
| Dimensions |
22 cm. |
| 490 1# - SERIES STATEMENT |
| Series statement |
Oxford bookworms library. Stage 3, Factfiles. |
| 500 ## - GENERAL NOTE |
| General note |
Includes glossary and activities guide. |
| 520 ## - SUMMARY, ETC. |
| Summary, etc. |
Our world is changing fast. We can travel and speak to people around the world, and use computers to do all kinds of things. But in some places, children go to bed hungry at night, and cannot drink clean water. And many species of animals and plants are now in danger as our climate changes and pollution worsens. |
| 650 #0 - SUBJECT ADDED ENTRY--TOPICAL TERM |
| Topical term or geographic name entry element |
Readers. |
| 650 #0 - SUBJECT ADDED ENTRY--TOPICAL TERM |
| Topical term or geographic name entry element |
High interest-low vocabulary books. |
| 650 #0 - SUBJECT ADDED ENTRY--TOPICAL TERM |
| Topical term or geographic name entry element |
Social problems |
| Chronological subdivision |
21st century. |
| 655 #0 - INDEX TERM--GENRE/FORM |
| Genre/form data or focus term |
Readers (Adult) |
| 700 1# - ADDED ENTRY--PERSONAL NAME |
| Personal name |
Bladon, Rachel, |
| Relator term |
author. |
| 830 #0 - SERIES ADDED ENTRY--UNIFORM TITLE |
| Uniform title |
Oxford bookworms library. |
| Name of part/section of a work |
Factfiles. |
| Number of part/section of a work |
Stage 3. |
| 942 ## - ADDED ENTRY ELEMENTS (KOHA) |
| Source of classification or shelving scheme |
|
| Koha item type |
Teaching Resources |